000 00392pab a2200157 454500
008 180718b1989 xxu||||| |||| 00| 0 eng d
245 _aNational water policy (Document)
260 _c1989
300 _ap.727-731.
362 _aJul-Sep
650 _aDocument
650 _aWater resources management
773 _aIndian Journal of Public Administration
908 _aN
909 _a88944
999 _c88944
_d88944